Applied Numerical Methods for Engineers and Scientists / (Record no. 11465)

MARC details
000 -LEADER
fixed length control field 00557nam a2200205 a 4500
003 - CONTROL NUMBER IDENTIFIER
control field PK-NaQUE
005 - DATE AND TIME OF LATEST TRANSACTION
control field 20260414120853.0
008 - FIXED-LENGTH DATA ELEMENTS--GENERAL INFORMATION
fixed length control field 260414b ||||| |||| 00| 0 eng d
020 ## - INTERNATIONAL STANDARD BOOK NUMBER
International Standard Book Number 013089480X (paperback)
020 ## - INTERNATIONAL STANDARD BOOK NUMBER
International Standard Book Number 9780130894809 (paperback)
040 ## - CATALOGING SOURCE
Transcribing agency QUEST
100 1# - MAIN ENTRY--PERSONAL NAME
Personal name Rao, Singiresu S.
245 10 - TITLE STATEMENT
Title Applied Numerical Methods for Engineers and Scientists /
250 ## - EDITION STATEMENT
Edition statement 3rd ed.
260 ## - PUBLICATION, DISTRIBUTION, ETC. (IMPRINT)
Place of publication, distribution, etc [S.l.] :
Name of publisher, distributor, etc Pearson,
Date of publication, distribution, etc 2009.
300 ## - PHYSICAL DESCRIPTION
Extent 880 p. ;
650 ## - SUBJECT ADDED ENTRY--TOPICAL TERM
Topical term or geographic name as entry element Applied Numerical Methods
856 40 - ELECTRONIC LOCATION AND ACCESS
Link text Download eBook
942 ## - ADDED ENTRY ELEMENTS (KOHA)
Koha item type Books
Source of classification or shelving scheme Dewey Decimal Classification
Holdings
Withdrawn status Lost status Damaged status Not for loan Home library Current library Date acquired Cost, normal purchase price Total Checkouts Full call number Barcode Date last seen Date checked out Price effective from Koha item type
        Central Library, QUEST, Nawabshah Central Library, QUEST, Nawabshah 13/11/2014 503.00 1 511.02462RAO 36393 23/10/2019 04/01/2019 13/11/2014 Books
        Library for Girls Library for Girls 13/11/2014 503.00   511.02462RAO 36394 13/11/2014     Books